Villages /

Bibliographic Details
Main Author: Updike, John
Format: Book
Language:English
Published: New York : Alfred A. Knopf : 2004.
Edition:1st ed.
Subjects:

MARC

Tag First Indicator Second Indicator Subfields
LEADER 00000pam a2200000 a 4500
001 in00002003621
005 20220502181748.1
008 040203s2004 nyu 000 1 eng
010 |a  2004043845 
020 |a 1400042909 
035 |a (OCoLC)ocm54425238 
040 |a DLC  |c DLC  |d UtOrBLW 
043 |a n-usn-- 
049 |a TXAM 
050 0 0 |a PS3571.P4  |b V55 2004 
082 0 0 |a 813/.54  |2 22 
100 1 |a Updike, John. 
245 1 0 |a Villages /  |c John Updike. 
250 |a 1st ed. 
264 1 |a New York :  |b Alfred A. Knopf :  |c 2004. 
264 2 |a New York :  |b Distributed by Random House, 
300 |a 321 pages ;  |c 21 cm. 
336 |a text  |b txt  |2 rdacontent 
337 |a unmediated  |b n  |2 rdamedia 
338 |a volume  |b nc  |2 rdacarrier 
500 |a The Cushing Library/Basbanes Collection copy is part of the Nicholas A. Basbanes Collection. 
541 0 |a Donated by Nicholas A. Basbanes  |d 20151124. 
650 0 |a Man-woman relationships  |v Fiction. 
650 0 |a Computer programmers  |v Fiction. 
651 0 |a New England  |v Fiction. 
650 0 |a Villages  |v Fiction. 
655 0 |a Psychological fiction. 
655 7 |a Bildungsromans.  |2 gsafd 
948 |a cataloged  |b h  |c 2004/11/9  |d c  |e ceaton  |f 2:30:00 pm 
994 |a E0  |b TXA 
999 |a MARS 
999 f f |s 3e7f3db9-8dc5-3757-a5ba-7141e6f6187a  |i 243aa4a3-3936-3425-9fa1-ed0a57954ac9  |t 0 
952 f f |p ric  |a Texas A&M University  |b Rellis Campus  |c Joint Library Facility  |s JLF  |d Remote Storage  |t 0  |e PS3571.P4 V55 2004  |h Library of Congress classification  |i unmediated -- volume  |m A14831678883 
998 f f |a PS3571.P4 V55 2004  |t 0  |l Remote Storage